Discografia: Elvis Presley - Statistics

Estatísticas Gerais
  • Esse quiz foi jogado 3 vezes
  • A pontuação média é 4 de 24
Estatísticas das Respostas
Ano Álbum % Correto
1956 Elvis
100%
1973 Elvis (The "Fool" Album)
100%
1960 Elvis Is Back!
50%
1972 Elvis Now
50%
1970 That's the Way It Is
50%
1975 Today
50%
1970 Back in Memphis
0%
1957 Elvis' Christmas Album
0%
1971 Elvis Country (I'm 10.000 Years Old)
0%
1965 Elvis for Everyone!
0%
1956 Elvis Presley
0%
1971 Elvis Sings The Wonderful World of Christmas
0%
1969 From Elvis in Memphis
0%
1976 From Elvis Presley Boulevard, Memphis, Tennessee
0%
1974 Good Times
0%
1972 He Touched Me
0%
1960 His Hand in Mine
0%
1967 How Great Thou Art
0%
1971 Love Letters from Elvis
0%
1977 Moody Blue
0%
1962 Pot Luck
0%
1975 Promised Land
0%
1973 Raised on Rock / For Ol' Times Sake
0%
1961 Something for Everybody
0%
Nenhum quiz correspondente encontrado
Distribuição das Pontuações
Porcentagem de Pessoas com Cada Pontuação
Percentil de Números Respondidos
Sua Pontuação Histórica
Você não jogou esse quiz